000 00298nam a22001337a 4500
008 170220b xxu||||| |||| 00| 0 eng d
020 _a9780071488358
041 _aeng
080 _27TH
_a615
100 _a5
101 _aSHF
245 _aPHARMACOTHERAPY CASEBOOK
_cKOEHLER, J.M
942 _2udc
_cBK
999 _c5789
_d5789